11 Inicial dos Últimos 10 Campeões da Libertadores - Statistics

Estatísticas Gerais
  • Esse quiz foi jogado 380 vezes
    281 desde o último reset
  • A pontuação média é 62 de 132
Estatísticas das Respostas
% Correto
Fluminense 2023 G 1 Fábio
93%
Fluminense 2023 A 14 Germán Cano
92%
Flamengo 2022 A 9 Gabriel
91%
Flamengo 2019 A 9 Gabriel
91%
Fluminense 2023 LE 12 Marcelo
91%
Flamengo 2022 M 14 Giorgian De Arrascaeta
88%
Flamengo 2019 M 14 Giorgian de Arrascaeta
88%
Fluminense 2023 Técnico Fernando Diniz
87%
Fluminense 2023 M 21 Jhon Arias
87%
Flamengo 2019 A 27 Bruno Henrique
83%
Fluminense 2023 M 10 Ganso
82%
Palmeiras 2021 Z 15 Gustavo Gómez
82%
Palmeiras 2020 Z 15 Gustavo Gómez
82%
Flamengo 2019 Técnico Jorge Jesus
82%
Palmeiras 2021 G 21 Weverton
82%
Palmeiras 2020 G 1 Weverton
82%
Flamengo 2019 G 1 Diego Alves
81%
Fluminense 2023 Z 30 Felipe Melo
81%
Palmeiras 2021 Técnico Abel Ferreira
80%
Atlético Mineiro 2013 A 7
80%
Palmeiras 2021 Z 13 Luan
79%
Palmeiras 2020 Z 13 Luan
79%
Grêmio 2017 M 7 Luan
79%
Palmeiras 2021 M 23 Raphael Veiga
79%
Palmeiras 2020 M 23 Raphael Veiga
79%
Flamengo 2019 M 15 Gerson
77%
Flamengo 2019 Z 24 Pablo Marí
76%
Fluminense 2023 LD 2 Samuel Xavier
76%
Palmeiras 2021 LE 22 Joaquín Piquerez
75%
Palmeiras 2021 A 7 Rony
75%
Palmeiras 2020 M 11 Rony
75%
Flamengo 2022 G 20 Santos
75%
Flamengo 2022 LE 16 Filipe Luís
74%
Flamengo 2019 LE 21 Filipe Luís
74%
Fluminense 2023 Z 33 Nino
74%
Flamengo 2022 A 21 Pedro
74%
Fluminense 2023 V 7 André
73%
Flamengo 2022 M 7 Éverton Ribeiro
73%
Flamengo 2019 A 7 Éverton Ribeiro
73%
Palmeiras 2020 LD 13 Marcos Rocha
73%
Flamengo 2019 LD 18 Rafinha
73%
Flamengo 2022 Técnico Dorival Júnior
72%
Fluminense 2023 A 11 Keno
72%
Flamengo 2019 Z 3 Rodrigo Caio
70%
Flamengo 2019 M 5 Willian Arão
70%
Fluminense 2023 V 8 Martinelli
69%
Palmeiras 2020 LE 17 Matías Viña
69%
Grêmio 2017 G 1 Marcelo Grohe
67%
Palmeiras 2021 A 43 Dudu
66%
Grêmio 2017 Z 3 Pedro Geromel
66%
Flamengo 2022 Z 23 David Luiz
65%
Grêmio 2017 Técnico Renato Portaluppi
65%
Atlético Mineiro 2013 M 10 Ronaldinho Gaúcho
65%
Palmeiras 2020 Técnico Abel Ferreira
63%
Palmeiras 2021 LD 12 Mayke
63%
Flamengo 2022 Z 4 Léo Pereira
62%
Atlético Mineiro 2013 G 1 Victor
62%
Grêmio 2017 M 21 Fernandinho
60%
Palmeiras 2021 M 8 Zé Rafael
60%
Palmeiras 2020 M 8 Zé Rafael
60%
River Plate 2018 G 1 Franco Armani
58%
Atlético Nacional 2016 G 25 Franco Armani
58%
Palmeiras 2021 M 28 Danilo
53%
Palmeiras 2020 M 28 Danilo
53%
Flamengo 2022 LD 22 Rodinei
53%
Atlético Mineiro 2013 Técnico Cuca
52%
Palmeiras 2021 M 14 Gustavo Scarpa
52%
Palmeiras 2020 M 25 Gabriel Menino
51%
Atlético Nacional 2016 A 23 Miguel Borja
50%
River Plate 2015 Técnico Marcelo Gallardo
48%
River Plate 2018 Técnico Marcelo Gallardo (suspenso)
48%
Grêmio 2017 M 29 Arthur
47%
Atlético Mineiro 2013 M 11 Bernard
46%
Flamengo 2022 V 35 João Gomes
45%
Palmeiras 2020 A 10 Luiz Adriano
44%
Grêmio 2017 LE 12 Bruno Cortez
43%
Grêmio 2017 A 18 Lucas Barrios
43%
Atlético Mineiro 2013 Z 4 Réver
43%
Atlético Mineiro 2013 A 9 Diego Tardelli
42%
Atlético Mineiro 2013 Z 3 Leonardo Silva
38%
Flamengo 2022 V 8 Thiago Maia
38%
Atlético Nacional 2016 V 18 Alejandro Guerra
36%
Grêmio 2017 LD 2 Edílson
36%
River Plate 2018 A 27 Lucas Pratto
33%
River Plate 2018 LD 29 Gonzalo Montiel
29%
Grêmio 2017 M 17 Ramiro
29%
River Plate 2018 M 26 Ignacio Fernández
27%
Atlético Nacional 2016 A 28 Orlando Berrío
26%
River Plate 2018 M 10 Gonzalo Martínez
25%
River Plate 2018 Z 22 Javier Pinola
24%
Atlético Mineiro 2013 M 5 Pierre
24%
Grêmio 2017 Z 22 Bressan
23%
Atlético Mineiro 2013 M 28 Josué
23%
River Plate 2018 M 24 Enzo Pérez
22%
River Plate 2015 M 8 Carlos Sánchez
21%
Grêmio 2017 M 25 Jailson
21%
Atlético Nacional 2016 Z 26 Davinson Sánchez
19%
Atlético Mineiro 2013 LE 6 Júnior César
19%
River Plate 2018 LE 20 Milton Casco
18%
Atlético Nacional 2016 Técnico Reinaldo Rueda
17%
Atlético Mineiro 2013 LD 29 Michel
16%
River Plate 2015 A 13 Lucas Alario
15%
Atlético Nacional 2016 A 29 Marlos Moreno
13%
Atlético Nacional 2016 LD 2 Daniel Bocanegra
9%
River Plate 2018 Z 2 Jonathan Maidana
9%
River Plate 2015 Z 2 Jonathan Maidana
9%
San Lorenzo 2014 V 20 Néstor Ortigoza
9%
River Plate 2015 Z 6 Ramiro Funes Mori
9%
San Lorenzo 2014 Técnico Edgardo Bauza
8%
River Plate 2018 M 15 Exequiel Palacios
8%
San Lorenzo 2014 LD 7 Julio Buffarini
8%
River Plate 2015 G 1 Marcelo Barovero
8%
Atlético Nacional 2016 M 10 Macnelly Torres
7%
San Lorenzo 2014 LE 21 Emmanuel Mas
6%
River Plate 2015 M 23 Leonardo Ponzio
6%
River Plate 2018 M 23 Leonardo Ponzio
6%
San Lorenzo 2014 A 26 Mauro Matos
5%
San Lorenzo 2014 G 12 Sebastián Torrico
5%
River Plate 2015 LD 18 Camilo Mayada
4%
River Plate 2015 A 9 Fernando Cavenaghi
4%
San Lorenzo 2014 A 9 Martín Cauteruccio
4%
River Plate 2015 M 5 Matías Kranevitter
4%
Atlético Nacional 2016 LE 19 Farid Díaz
3%
San Lorenzo 2014 V 5 Juan Mercier
3%
San Lorenzo 2014 M 10 Leandro Romagnoli
3%
San Lorenzo 2014 Z 2 Mauro Cetto
3%
San Lorenzo 2014 Z 6 Santiago Gentiletti
2%
Atlético Nacional 2016 V 13 Alexander Mejía
1%
Atlético Nacional 2016 Z 12 Alexis Henríquez
1%
San Lorenzo 2014 M 15 Héctor Villalba
1%
River Plate 2015 LE 21 Leonel Vangioni
1%
River Plate 2015 M 16 Nicolás Bertolo
0%
Nenhum quiz correspondente encontrado
Distribuição das Pontuações
Porcentagem de Pessoas com Cada Pontuação
Percentil de Números Respondidos
Sua Pontuação Histórica
Você não jogou esse quiz desde o último reset